Estadísticas para Penínsulas por Imágenes de Satélite

Haz click aquí para intentar la prueba.

Estadísticas generales

  • Esta prueba ha sido intentada 118 veces
  • La puntuación promedio es 9 de 16

Estadísticas de respuestas

Respuesta% Correcto
Ibérica
99%
Corea
87%
Baja California
75%
Crimea
71%
Sinaí
71%
Indochina
67%
Yucatán
67%
Catar
61%
Jutlandia
58%
Bretaña
56%
Kamchatka
52%
Peloponeso
46%
Cabo York
20%
Cornualles
20%
Cabo Cod
11%
Superior
11%

Distribución de puntuación

Porcentaje por número respondido

Porcentaje de gente con cada puntuación

Historial de tus puntuaciones

No has intentado esta prueba.